000 00398pab a2200157 454500
008 180718b2013 xxu||||| |||| 00| 0 eng d
100 _aShetty, S.C.
245 _aRajan's monetary policy foray: Pursuit of low inflation
260 _c2013
300 _ap.18-12.
362 _a26 Oct
650 _aMonetary policy
773 _aEconomic and Political Weekly
908 _aN
909 _a103103
999 _c103100
_d103100